000 nam a22 a 4500
999 _c127194
_d127194
003 BLK
005 20221202140653.0
008 180409b bul|||||r ||||||| ||bul||
010 _aKNG00132896000
040 _aBLK
041 _aBUL
_cBUL
080 _aУсловия на обкръжаващата среда. Биология на гората
_b630.1
_z630.1
080 _aОзеленяване. Растения. Растителни форми. Планове за озеленяване (Вж и 630 ; 635.9)
_b712.4
_z712.4
100 1 _aКолева, Първолета
_eпърви автор
_9309235
139 _aБиологични основи на паркоустройството
_bБ 45
245 1 0 _aБиологични основи на паркоустройството
_bИзследване
_cПърволета Колева.
257 _aBGR
260 _aСофия
_bЗемиздат
_c1980
_fХасково : Ат. Стратиев
300 _a220 с.
_bс ил., табл.
_c20 см
380 _a63
500 _aДруги авт. : Иван В. Михов, Илия Вакарелов и Димитър Павлов. - 1 700 тир. - Библиогр. с. 214-217.
650 4 _aПаркове и градини
_9320574
653 _aпаркове
653 _aградини
852 _aЦб 104017
856 4 _qpdf
_i0.00
_ldisable
856 4 _qpdf
_i0.00
_ldisable
942 _cKNG
_n0
_01
_s1
944 _aCR
_c16.08.2012
_l16.08.2012 - от С1,Р / 16.08.2012
_kПравда_Бадева
944 _aED
_c2022-12-02
_l2022-12-02
_kир
999 _d127194